| 000 | 00727nam a22002297a 4500 | ||
|---|---|---|---|
| 999 |
_c9751 _d9751 |
||
| 003 | AR-CdUCM | ||
| 008 | 190328b ||||| |||| 00| 0 spa d | ||
| 040 |
_aMUNICIPALIDAD PROVINCIAL DEL CUSCO _cBIBLIOTECA MUNICIPAL DEL CUSCO |
||
| 082 |
_a792.098 / _bM12S / 1943 |
||
| 100 |
_aMacedo Arguedas, Alfredo _912315 |
||
| 245 | _aSueño en los Andes / | ||
| 260 |
_aPuno : _bTip. L. Camacho A _c1944 |
||
| 300 |
_a14 páginas ; _c34 cm. |
||
| 440 |
_aTeatro peruano nuevo _926180 |
||
| 500 | _aCon dedicatoria a Luis Nieto -- Donación de la familia Nieto | ||
| 505 | _aContenido : Tragedia (2 actos) | ||
| 650 |
_aTeatro _9173 |
||
| 650 |
_aArte _9561 |
||
| 650 |
_aCostumbres _9230 |
||
| 942 |
_2ddc _cLIBROS |
||
| 945 | _admma | ||